عرض عادي
عرض مارك
- Rasinger, Sebastian M.
مدخل إسم شخص
001 - رقم الضبط
- حقل الضبط: 44999
003 - معرف رقم الضبط
- حقل الضبط: OSt
005 - تاريخ ووقت أخر عملية
- حقل الضبط: 20140514105838.0
008 - عناصر بيانات ثابتة الطول
- حقل تحكم ثابت الطول: 140514|||a|||||| | ||| d
040 ## - مصدر الفهرسة
- هيئة الفهرسة الأصلية: OSt
- وكالة الكتابة: OSt
100 ## - مدخل -- أسم شخص
- إسم شخص: Rasinger, Sebastian M.
- الشكل الكامل للاسم: (Sebastian Marc),
- تواريخ مرتبطة بالاسم: 1977-
670 ## - بيانات المصدر موجوده
- الاستشهاد بالمصدر: Work cat.: (OSt)0: Rasinger, Sebastian M. (Sebastian Marc), 1977-, Quantitative research in linguistics :
